Designing mobile service systems

Bibliographic Details
Main Author: Kar, Els van de.
Corporate Author: ProQuest (Firm)
Other Authors: Verbraeck, Alexander.
Format: Electronic eBook
Language:English
Published: Amsterdam : IOS Press, c2008.
Edition:2nd ed.
Series:Research in design series ; v. 2.
Subjects:
Online Access:Click to View
LEADER 01572nam a2200409Ia 4500
001 EBC407938
003 MiAaPQ
005 20200520144314.0
006 m o d |
007 cr cn|||||||||
008 081010s2008 ne a sb 001 0 eng d
020 |z 1586039199 
020 |z 9781586039196 
035 |a (MiAaPQ)EBC407938 
035 |a (Au-PeEL)EBL407938 
035 |a (CaPaEBR)ebr10267453 
035 |a (CaONFJC)MIL196864 
035 |a (OCoLC)316277393 
040 |a MiAaPQ  |c MiAaPQ  |d MiAaPQ 
050 4 |a HD30.37  |b .K367 2008 
100 1 |a Kar, Els van de. 
245 1 0 |a Designing mobile service systems  |h [electronic resource] /  |c Els van de Kar, Alexander Verbraeck ; in collaboration with Wieke Bockstael-Blok ... [et al.]. 
250 |a 2nd ed. 
260 |a Amsterdam :  |b IOS Press,  |c c2008. 
300 |a x, 236 p. :  |b ill. (some col.). 
490 1 |a Research in design series,  |x 1569-7258 ;  |v v. 2 
504 |a Includes bibliographical references (p. 219-231) and index. 
533 |a Electronic reproduction. Ann Arbor, MI : ProQuest, 2015. Available via World Wide Web. Access may be limited to ProQuest affiliated libraries. 
650 0 |a Business enterprises  |x Computer networks. 
650 0 |a Computer service industry. 
650 0 |a Mobile commerce. 
650 0 |a Mobile communication systems. 
655 4 |a Electronic books. 
700 1 |a Verbraeck, Alexander. 
710 2 |a ProQuest (Firm) 
830 0 |a Research in design series ;  |v v. 2. 
856 4 0 |u https://ebookcentral.proquest.com/lib/matrademy/detail.action?docID=407938  |z Click to View